Biggest cities in the smallest countries - Europe - Statistics

General Stats
  • This quiz has been taken 77 times
  • The average score is 7 of 20
Answer Stats
Country Population City % Correct
๐Ÿ‡ฑ๐Ÿ‡บ 128.494 Luxembourg
96%
๐Ÿ‡ฒ๐Ÿ‡ช 150.977 Podgorica
87%
๐Ÿ‡ฝ๐Ÿ‡ฐ 145.149 Pristina
86%
๐Ÿ‡ธ๐Ÿ‡ฎ 284.293 Ljubljana
81%
๐Ÿ‡ฒ๐Ÿ‡จ 37.308 Monaco
71%
๐Ÿ‡ธ๐Ÿ‡ฎ 96.302 Maribor
62%
๐Ÿ‡ฑ๐Ÿ‡บ 36.177 Esch-sur-Alzette
54%
๐Ÿ‡ฝ๐Ÿ‡ฐ 85.119 Prizren
32%
๐Ÿ‡ฑ๐Ÿ‡บ 28.641 Differdange
26%
๐Ÿ‡ฒ๐Ÿ‡ช 56.970 Nikลกiฤ‡
23%
๐Ÿ‡ธ๐Ÿ‡ฎ 37.122 Celje
20%
๐Ÿ‡ฝ๐Ÿ‡ฐ 46.230 Mitrovica
19%
๐Ÿ‡ธ๐Ÿ‡ฎ 25.913 Koper
16%
๐Ÿ‡ธ๐Ÿ‡ฎ 37.605 Kranj
16%
๐Ÿ‡ฝ๐Ÿ‡ฐ 54.239 Gjilan
13%
๐Ÿ‡ฝ๐Ÿ‡ฐ 40.827 Gjakova
12%
๐Ÿ‡ฝ๐Ÿ‡ฐ 42.628 Ferizaj
10%
๐Ÿ‡ฝ๐Ÿ‡ฐ 48.962 Peja
7%
๐Ÿ‡ฒ๐Ÿ‡น 31.789 St. Paul's Bay
6%
๐Ÿ‡ฝ๐Ÿ‡ฐ 27.272 Vushtrri
3%
No matching quizzes found
Score Distribution
Percent of People with Each Score
Percentile by Number Answered
Your Score History
You have not taken this quiz